000 01152na a2200313 4500
001 15966
003 MIRAKIL
005 20181213155131.0
008 161103b tu 000 0
035 _a15966
040 _aMilas
_btur
_cTR-AnCHP
041 _atur
082 _aCHP 320.5
_bÖ47h 1975
090 _aCHP 320.5 Ö47h 1975
100 _aÖksüz, Mehmet
245 _aHalk iktidarı
_cMehmet Öksüz
260 _aAnkara
_bTekin Yayınevi
_c1975
300 _a261 s.
_c20 sm.
500 _aDış kapakta başka yapıt adı : Seçimlerde neden faşizme karşı Ecevit'in çevresine birleşmeliyiz? - Kullanacağın oyla düzeni değiştirebileceğini unutma!
505 _aHalk İktidarı - MSP'nin ihaneti - Para ve iktidar - İktidarın zorbalığı ve tehdit altında tutulan özgürlükler
600 _aEcevit, Bülent
_xİdeolojiler
600 _aEcevit, Bülent
_xSiyasal ve sosyal görüşler
650 _aDemokrasi
651 _aTürkiye
_xSiyasal yaşam
740 _aMSP'nin ihaneti
740 _aPara ve iktidar
740 _aİktidarın zorbalığı ve tehdit altında tutulan özgürlükler
942 _2dcc
_cBKS
999 _c7209
_d7209